| 000 | 00620nam a22002297a 4500 | ||
|---|---|---|---|
| 999 |
_c6679 _d6679 |
||
| 001 | 6679 | ||
| 003 | BD-JhCC | ||
| 005 | 20180403125226.0 | ||
| 008 | 180128b xxu||||| |||| 00| 0 eng d | ||
| 035 | _a(BD-JhCC)6679 | ||
| 040 |
_aBD-JhCC _dBD-JhCC |
||
| 041 | _aeng | ||
| 082 |
_a808.04275 _bSTE 1965 |
||
| 100 | _aSteinamann, Martin | ||
| 245 |
_aLiterature For Warning / _cMartin Steinamann, Jr, Gerals Willen |
||
| 260 |
_aCalifornia : _bWadsworth publishing Company, _c1965. |
||
| 300 |
_a692 p. : _c26 p. |
||
| 650 | _aEnglish Language | ||
| 700 | _aWillen, Jr, Gerals | ||
| 942 |
_2ddc _cBK |
||